000 02314nam a22003497a 4500
999 _c21787
_d21787
003 AR-CdUCM
008 190425b ||||| |||| 00| 0 spa d
040 _aMUNICIPALIDAD PROVINCIAL DEL CUSCO
_cBIBLIOTECA MUNICIPAL DEL CUSCO
082 _aRev.IAAC/N°2/1943
110 _aInstituto Americano de Arte del Cuzco
_943770
245 _aRevista del Instituto Americano de Arte :
_bPublicación semestral /
260 _aCusco :
_bTalleres gráficos La Económica,
_c1943.
300 _a108 páginas. :
_c24 cm.
440 _aRevista del Instituto Americano de Arte Cuzco.
_nAño II, 1°y2° semestre de 1943, N°2. Vol.I
_946107
505 _aContenido: El indio en el teatro. Ricardo Rojas. -- Tina Modotti ha muerto. Pablo Neruda. -- Nuestras bellezas Naturales el panorama de tres cruces. Víctor M. Guillen. -- El hombre del charango. Alejandro Peralta. -- Doña Trinidad Enríquez. Luis Felipe Paredes. -- Colgajos. Aurelio Martínez. -- Hombre tierra agua i balsas. Dante Nava. -- La fiesta de la Cruz danza de los Sijllas. José María Arguedas. -- Clorinda Matto de Turner, homenaje radial. José Gabriel Cosió. -- Folklore nacional danzas populares del Perú. Víctor Navarro del Águila. -- Arte popular Santiago Rojas y sus comparsas bailarines. Julio G. Gutiérrez. -- Notas sobre Sur Perú. Román Saavedra S. -- La historia de los pueblos de Canchis Checca Ccupe. Juan G. Medina. -- Antología del cantó lírica de ayer y de anteayer. Rafael Aguilar. -- Andenes de Amoray. Víctor M. Guillen. -- Pensamientos. Domingo Velasco Astete. -- Libros y revistas labor cultural del Instituto en el presente año. -- La excursión a Bolivia. -- Notas necrológicas. -- Documentos.
650 _aTeatro cusqueño
_913217
650 _aArte popular
_99558
650 _aFolcklore
_946108
650 _aJosé María Arguedas
_9793
650 _aMaría Trinidad Enríquez
_946109
650 _aLiteratura cusqueña
_946110
650 _aPoetas cusqueños
_95956
650 _aHistoria de Canchis
_946111
650 _aHistoria Chechacupe
_946112
700 _aNeruda, Pablo
_92359
700 _aArguedas, José María
_9790
700 _aNavarro del Águila, Víctor
_932360
700 _aCosio, José Gabriel
_911720
700 _aVelasco Astete, Domingo
_931407
942 _2ddc
_cPP
945 _arac